[Event "Heart of Finland op 32nd"]
[Site "Jyvaskyla"]
[Date "2024.07.18"]
[Round "6"]
[White "Elomaa, Arto"]
[Black "Miezis, Normunds"]
[Result "0-1"]
[WhiteElo "2162"]
[BlackElo "2411"]
[PlyCount "58"]
[EventDate "2024.07.15"]
[EventType "swiss"]
[EventRounds "9"]
[EventCountry "FIN"]
[SourceTitle "CBM 221 Extra"]
[Source "ChessBase"]
[SourceDate "2024.09.30"]
[SourceVersion "1"]
[SourceVersionDate "2024.09.30"]
[SourceQuality "1"]

1. e4 c5 2. Nf3 e6 3. d4 cxd4 4. Nxd4 a6 5. Bd3 g6 6. 0-0 Bg7 7. Nb3 b5 8. a4 b4 9. a5 Nc6 10. N1d2 d5 11. exd5 exd5 12. Nf3 Nge7 13. Be3 Bg4 14. Bb6 Qc8 15. c3 bxc3 16. bxc3 0-0 17. Rc1 Ne5 18. Be2 Nc4 19. Bc5 Re8 20. h3 Bd7 21. Nfd4 Rb8 22. Bb4 Nf5 23. Nxf5 Bxf5 24. Bf3 Nb2 25. Qd2 Nd3 26. Rcd1 d4 27. Nxd4 Bxd4 28. g4 Rxb4 29. gxf5 Ne5 0-1

[Event "Helsinki-ch Master"]
[Site "Helsinki"]
[Date "2020.01.01"]
[Round "4"]
[White "Elomaa, Arto"]
[Black "Sjoman, Tapani"]
[Result "1/2-1/2"]
[WhiteElo "2140"]
[BlackElo "1980"]
[PlyCount "48"]
[EventDate "2019.12.28"]
[EventType "tourn"]
[EventRounds "7"]
[EventCountry "FIN"]
[SourceTitle "EXT 2021"]
[Source "ChessBase"]
[SourceDate "2020.10.23"]
[SourceVersion "1"]
[SourceVersionDate "2020.10.23"]
[SourceQuality "1"]

1. c4 Nf6 2. Nf3 e6 3. d4 d5 4. g3 Be7 5. Bg2 0-0 6. 0-0 c5 7. cxd5 exd5 8. Nc3 c4 9. Ne5 Nc6 10. Bg5 Be6 11. e3 h6 12. Bxf6 Bxf6 13. Nxc6 bxc6 14. Na4 Be7 15. b3 Qd7 16. bxc4 dxc4 17. Nc5 Bxc5 18. dxc5 Rad8 19. Qxd7 Rxd7 20. Rfc1 Rb8 21. Bf1 Rb2 22. Bxc4 Bxc4 23. Rxc4 Rdd2 24. Rf4 Rxa2 1/2-1/2

[Event "Helsinki MatSK Weekend"]
[Site "Helsinki"]
[Date "2018.02.23"]
[Round "2"]
[White "Rauramaa, Julius"]
[Black "Elomaa, Arto"]
[Result "1-0"]
[WhiteElo "2056"]
[BlackElo "2154"]
[PlyCount "58"]
[EventDate "2018.02.23"]
[EventType "swiss"]
[EventRounds "7"]
[EventCountry "FIN"]
[SourceTitle "EXT 2019"]
[Source "ChessBase"]
[SourceDate "2018.10.10"]
[SourceVersion "1"]
[SourceVersionDate "2018.10.10"]
[SourceQuality "1"]

1. e4 c5 2. Nf3 Nc6 3. d4 cxd4 4. c3 Nf6 5. e5 Nd5 6. cxd4 d6 7. exd6 e6 8. Nc3 Bxd6 9. Bc4 Nxc3 10. bxc3 Qc7 11. Bd2 Nxd4 12. Nxd4 Qxc4 13. Qg4 0-0 14. Qe2 Qxe2+ 15. Kxe2 Bd7 16. Rhd1 e5 17. Nb3 Be6 18. Be3 Be7 19. Nc5 Bxc5 20. Bxc5 Rfc8 21. Bd6 f6 22. Kd2 Rc6 23. Kc2 Bf5+ 24. Kb3 Rb6+ 25. Ka3 Rc8 26. Bb4 a5 27. Bxa5 Ra8 28. Rd8+ Rxd8 29. Bxb6 Kf7 1-0

[Event "Helsinki We HSK talvi"]
[Site "Helsinki"]
[Date "2017.01.29"]
[Round "4"]
[White "Elomaa, Arto"]
[Black "Tumanov, Dmitri"]
[Result "0-1"]
[WhiteElo "2156"]
[BlackElo "2119"]
[PlyCount "148"]
[EventDate "2017.01.27"]
[EventType "swiss"]
[EventRounds "5"]
[EventCountry "FIN"]
[SourceTitle "EXT 2022"]
[Source "ChessBase"]
[SourceDate "2021.10.06"]
[SourceVersion "1"]
[SourceVersionDate "2021.10.06"]
[SourceQuality "1"]

1. e4 c5 2. Nc3 Nc6 3. g3 g6 4. Bg2 Bg7 5. d3 e6 6. f4 Nge7 7. Nf3 d5 8. 0-0 0-0 9. Re1 d4 10. Ne2 e5 11. fxe5 h6 12. c3 Bg4 13. cxd4 Bxf3 14. Bxf3 Nxd4 15. Nxd4 Qxd4+ 16. Be3 Qxe5 17. Rc1 Rac8 18. Qa4 Qxb2 19. Re2 Qb6 20. Kg2 Rfd8 21. Qc4 Qb4 22. Qxb4 cxb4 23. Rxc8 Nxc8 24. Rc2 Ne7 25. e5 b6 26. Rc7 Nf5 27. Bf2 Rxd3 28. Rxa7 Rd2 29. Be4 Bxe5 30. Kf3 Nd6 31. Bxb6 Rxh2 32. Bd5 Rd2 33. Bb3 Rd3+ 34. Ke2 Rxg3 35. Bc5 Nb5 36. Rb7 Nc3+ 37. Ke1 Rf3 38. Bxb4 Ne4 39. Ke2 Rf5 40. a4 Bc3 41. Bxc3 Nxc3+ 42. Kd3 Nd5 43. Ke4 Nc3+ 44. Kd3 Nxa4 45. Bxa4 Kg7 46. Ke4 Rf1 47. Bb3 h5 48. Bc4 Rf2 49. Ke3 Rf6 50. Be2 Rf5 51. Bd3 Rc5 52. Kf4 g5+ 53. Kf3 Re5 54. Bc4 Rf5+ 55. Kg3 Rf4 56. Rc7 h4+ 57. Kh3 Kg6 58. Ba2 Rf3+ 59. Kg2 g4 60. Bd5 Rf4 61. Rc8 f5 62. Rf8 Kg7 63. Rf7+ Kg6 64. Rf8 Rb4 65. Be6 Rb2+ 66. Kg1 Rb5 67. Rh8 Kg5 68. Kf2 h3 69. Bd7 Rd5 70. Be6 Re5 71. Bc8 Kf4 72. Bb7 Rb5 73. Bc8 g3+ 74. Ke2 g2 0-1

[Event "FIN-chT1A 1617"]
[Site "Finland"]
[Date "2017.01.14"]
[Round "5.7"]
[White "Nyrhinen, Harri"]
[Black "Elomaa, Arto"]
[Result "1/2-1/2"]
[WhiteElo "1972"]
[BlackElo "2118"]
[PlyCount "37"]
[EventDate "2016.09.17"]
[EventType "team-tourn"]
[EventRounds "7"]
[EventCountry "FIN"]
[SourceTitle "EXT 2019"]
[Source "ChessBase"]
[SourceDate "2018.10.10"]
[SourceVersion "1"]
[SourceVersionDate "2018.10.10"]
[SourceQuality "1"]
[WhiteTeam "Helsinki SSK"]
[BlackTeam "Helsinki HSK"]
[WhiteTeamCountry "FIN"]
[BlackTeamCountry "FIN"]

1. e4 c5 2. c3 Nf6 3. e5 Nd5 4. d4 cxd4 5. Nf3 e6 6. cxd4 d6 7. Bc4 Nc6 8. 0-0 Nb6 9. Bb3 dxe5 10. dxe5 Qxd1 11. Rxd1 Bd7 12. Nc3 Be7 13. Be3 Na5 14. Bxb6 axb6 15. Bc2 Nc4 16. Rab1 Bc6 17. Rd4 Bxf3 18. Rxc4 Bc6 19. Be4 1/2-1/2

[Event "Heart of Finland op 26th"]
[Site "Jyvaskyla"]
[Date "2016.07.21"]
[Round "6.12"]
[White "Jarvenpaa, Jari"]
[Black "Elomaa, Arto"]
[Result "1-0"]
[WhiteElo "2310"]
[BlackElo "2113"]
[PlyCount "67"]
[EventDate "2016.07.18"]
[EventType "swiss"]
[EventRounds "9"]
[EventCountry "FIN"]
[SourceTitle "EXT 2022"]
[Source "ChessBase"]
[SourceDate "2021.10.06"]
[SourceVersion "1"]
[SourceVersionDate "2021.10.06"]
[SourceQuality "1"]

1. e4 c5 2. Nf3 e6 3. Nc3 a6 4. d4 cxd4 5. Nxd4 Qc7 6. Be2 Nc6 7. Be3 Nf6 8. a3 d6 9. f4 Bd7 10. 0-0 Be7 11. Qe1 0-0 12. Qg3 d5 13. e5 Ne4 14. Nxe4 dxe4 15. Nb3 Na5 16. Nxa5 Qxa5 17. Rad1 Qc7 18. c4 b5 19. Rc1 Qb7 20. c5 f5 21. exf6 Bxf6 22. b4 Bc6 23. Qh3 Qe7 24. Rfd1 Rfd8 25. Bg4 e5 26. Be6+ Kh8 27. Bf5 g6 28. fxe5 Bxe5 29. Bxg6 Rxd1+ 30. Rxd1 Rg8 31. Rd6 Be8 32. Bxh7 Bxd6 33. Bg6+ Kg7 34. Qh6+ 1-0

[Event "Helsinki We HSK 130v A"]
[Site "Helsinki"]
[Date "2016.05.14"]
[Round "2"]
[White "Elomaa, Arto"]
[Black "Kokkila, Tero"]
[Result "0-1"]
[WhiteElo "2113"]
[BlackElo "2307"]
[PlyCount "86"]
[EventDate "2016.05.13"]
[EventType "swiss"]
[EventRounds "5"]
[EventCountry "FIN"]
[SourceTitle "EXT 2022"]
[Source "ChessBase"]
[SourceDate "2021.10.06"]
[SourceVersion "1"]
[SourceVersionDate "2021.10.06"]
[SourceQuality "1"]

1. e4 c6 2. d4 d5 3. exd5 cxd5 4. c4 Nf6 5. Nc3 e6 6. Nf3 Be7 7. Bg5 0-0 8. Be2 Nc6 9. 0-0 a6 10. c5 b6 11. cxb6 Qxb6 12. Na4 Qa7 13. Rc1 Bd7 14. Nc5 Rfb8 15. Nxd7 Qxd7 16. Qc2 Nb4 17. Qb1 Bd6 18. Bxf6 gxf6 19. Rc3 Bf4 20. Ne1 Rc8 21. Nd3 Rxc3 22. bxc3 Nxd3 23. Bxd3 f5 24. Qc2 a5 25. g3 Bh6 26. Rb1 Rc8 27. Rb5 Bf8 28. Rxa5 Bb4 29. cxb4 Rxc2 30. Bxc2 Qe7 31. Rc5 Qf6 32. b5 Qxd4 33. Rc8+ Kg7 34. a4 Qb4 35. Rc6 d4 36. b6 e5 37. Bxf5 e4 38. a5 d3 39. a6 d2 40. Bg4 e3 41. Bf3 Qb5 42. Rd6 e2 43. Bxe2 Qxe2 0-1

[Event "Helsinki We HSK 130v A"]
[Site "Helsinki"]
[Date "2016.05.14"]
[Round "3"]
[White "Kiviaho, Allan"]
[Black "Elomaa, Arto"]
[Result "1/2-1/2"]
[WhiteElo "2124"]
[BlackElo "2113"]
[PlyCount "145"]
[EventDate "2016.05.13"]
[EventType "swiss"]
[EventRounds "5"]
[EventCountry "FIN"]
[SourceTitle "EXT 2022"]
[Source "ChessBase"]
[SourceDate "2021.10.06"]
[SourceVersion "1"]
[SourceVersionDate "2021.10.06"]
[SourceQuality "1"]

1. d4 d5 2. c4 c6 3. Nf3 Nf6 4. Nc3 e6 5. e3 Nbd7 6. Bd3 dxc4 7. Bxc4 b5 8. Bd3 a6 9. 0-0 c5 10. Qe2 Bb7 11. Rd1 Qc7 12. e4 cxd4 13. Nxd4 Bc5 14. Nb3 Bd6 15. g3 0-0 16. Bxb5 axb5 17. Nxb5 Ba6 18. Nxc7 Bxe2 19. Rxd6 Ra7 20. Nd4 Rxc7 21. Nxe2 Nxe4 22. Rd4 f5 23. f3 Nef6 24. Nc3 e5 25. Rb4 Nc5 26. Rc4 Rcc8 27. Bg5 Nd3 28. Rxc8 Rxc8 29. Bxf6 gxf6 30. Na4 Rc2 31. b3 e4 32. fxe4 fxe4 33. Rd1 e3 34. Rxd3 Rc1+ 35. Kg2 e2 36. Re3 e1Q 37. Rxe1 Rxe1 38. Nc3 Rc1 39. Ne4 Kf7 40. Kh3 Rc2 41. a4 Ke6 42. b4 Rc4 43. Nc5+ Kd6 44. Na6 Kc6 45. Nb8+ Kc7 46. Na6+ Kb6 47. Nc5 Kc6 48. Nd3 Rd4 49. Nf4 Kd6 50. Kg4 Ke5 51. Kh5 Kf5 52. Kh6 Rxb4 53. Kxh7 Rb2 54. h3 Rb3 55. Nh5 Kg5 56. Ng7 f5 57. h4+ Kg4 58. Kg6 Rb6+ 59. Kh7 Ra6 60. h5 Kg5 61. Kg8 Rxa4 62. Kf7 Ra7+ 63. Kf8 Ra3 64. h6 Kg6 65. Ke7 Rxg3 66. Nxf5 Kxf5 67. Kf7 Rh3 68. Kg7 Ra3 69. h7 Ra7+ 70. Kh6 Ra8 71. Kg7 Kg5 72. h8Q Rxh8 73. Kxh8 1/2-1/2